Vista normal
Vista MARC
Entrada Materia (tema)
Número de registros utilizados en: 1
001 - CONTROL NUMBER
- control field: 86224
003 - CONTROL NUMBER IDENTIFIER
- control field: Co-BoUCM
005 - DATE AND TIME OF LATEST TRANSACTION
- control field: 20170607090756.0
008 - FIXED-LENGTH DATA ELEMENTS
- fixed length control field: 170607|| aca||aabn | a|a d
040 ## - CATALOGING SOURCE
- Original cataloging agency: Co-BoUCM
- Transcribing agency: Co-BoUCM
150 ## - HEADING--TOPICAL TERM
- Topical term or geographic name as entry element: Derecho civil
- Chronological subdivision: Siglo XVI
- Geographic subdivision: Francia
670 ## - SOURCE DATA FOUND
- Source citation: Work cat.: (Co-BoUCM)72396: Tiraqueau, André 1488-1558 60454, De Legibus connubialibus, & Iure maritali, 1546